[Event "Foment Martinenc op-C 22nd"]
[Site "Barcelona"]
[Date "2022.05.14"]
[Round "4"]
[White "Vazquez Cortes, Carlos"]
[Black "Ferrandiz Alvarez, Eloi"]
[Result "1/2-1/2"]
[WhiteElo "1723"]
[BlackElo "1504"]
[PlyCount "86"]
[EventDate "2022.04.23"]
[EventType "swiss"]
[EventRounds "9"]
[EventCountry "ESP"]
[SourceTitle "EXT 2023"]
[Source "ChessBase"]
[SourceDate "2022.10.05"]
[SourceVersion "1"]
[SourceVersionDate "2022.10.05"]
[SourceQuality "1"]

1. c4 e6 2. g3 Nf6 3. Bg2 d5 4. cxd5 exd5 5. Nf3 c6 6. d3 Bf5 7. 0-0 Nbd7 8. b3 Bd6 9. Bb2 Qe7 10. Nc3 0-0-0 11. Rc1 Kb8 12. Nd2 Qe6 13. e4 Bg4 14. Qe1 d4 15. Ne2 c5 16. Nc4 g5 17. f4 gxf4 18. Nxd6 Qxd6 19. Rxf4 Ne5 20. Qd2 Rhg8 21. Rcf1 Nh5 22. R4f2 Qd7 23. Nf4 Nxf4 24. Qxf4 Rde8 25. Rc1 Ka8 26. Bf1 Bh3 27. Rxc5 Bxf1 28. Rxe5 Bxd3 29. Rd2 Rxe5 30. Qxe5 Re8 31. Qxd4 Qxd4+ 32. Bxd4 Bxe4 33. Kf2 Kb8 34. Be3 a6 35. a3 Kc8 36. Bf4 Rd8 37. Re2 Bg6 38. b4 b5 39. Re7 Rd7 40. Re5 Kb7 41. Re8 Rd3 42. Re7+ Kc6 43. Re3 Rxe3 1/2-1/2

[Event "Foment Martinenc op-C 21st"]
[Site "Barcelona"]
[Date "2019.06.01"]
[Round "6"]
[White "Vazquez Cortes, Carlos"]
[Black "Del Rio Soler, Andreu"]
[Result "0-1"]
[WhiteElo "1721"]
[BlackElo "1588"]
[PlyCount "90"]
[EventDate "2019.04.27"]
[EventType "swiss"]
[EventRounds "9"]
[EventCountry "ESP"]
[SourceTitle "EXT 2020"]
[Source "ChessBase"]
[SourceDate "2019.10.17"]
[SourceVersion "1"]
[SourceVersionDate "2019.10.17"]
[SourceQuality "1"]

1. c4 d6 2. d4 Nf6 3. g3 c6 4. Nc3 d5 5. cxd5 Nxd5 6. Bg2 e6 7. Nf3 Be7 8. 0-0 0-0 9. e4 Nf6 10. Bf4 Bb4 11. Qc2 Bxc3 12. bxc3 Nbd7 13. Bg5 Qe8 14. c4 h6 15. Be3 e5 16. d5 c5 17. Nd2 b6 18. f4 Ng4 19. Qc3 Nxe3 20. Qxe3 exf4 21. Rxf4 Qe5 22. Nb3 Ba6 23. Rf5 Qb2 24. Qd3 Rae8 25. Rf2 Qe5 26. Raf1 Qd6 27. a4 Ne5 28. Qc3 Bxc4 29. Re1 Qd7 30. Rf5 Bxb3 31. Rxe5 Rxe5 32. Qxe5 Bxa4 33. Qc3 Qd6 34. Ra1 b5 35. e5 Qc7 36. d6 Qb6 37. Rb1 c4+ 38. Kf1 Qc5 39. Be4 Qc8 40. Qe3 a6 41. Ke2 Qg4+ 42. Bf3 Qh3 43. Qf2 Qf5 44. Re1 Qxe5+ 45. Kd2 Qxd6+ 0-1

[Event "Foment Martinenc op-C 20th"]
[Site "Barcelona"]
[Date "2018.06.02"]
[Round "7"]
[White "Archs Garriga, Ignasi"]
[Black "Vazquez Cortes, Carlos"]
[Result "1-0"]
[WhiteElo "1838"]
[BlackElo "1803"]
[PlyCount "59"]
[EventDate "2018.04.21"]
[EventType "swiss"]
[EventRounds "9"]
[EventCountry "ESP"]
[SourceTitle "CBM 184 Extra"]
[Source "ChessBase"]
[SourceDate "2018.06.28"]
[SourceVersion "1"]
[SourceVersionDate "2018.06.28"]
[SourceQuality "1"]

1. c4 c6 2. Nc3 d5 3. e3 e5 4. Be2 Nf6 5. d4 e4 6. cxd5 cxd5 7. Qb3 Nc6 8. f3 Bb4 9. fxe4 Nxe4 10. Nf3 0-0 11. 0-0 Be6 12. a3 Qa5 13. Bd2 Bxc3 14. Bxc3 Nxc3 15. Qxc3 Rac8 16. Rac1 Qb6 17. b4 a6 18. Qc5 Qa7 19. Ng5 b6 20. Qc2 g6 21. Nxe6 fxe6 22. Rxf8+ Kxf8 23. Bg4 Ne7 24. Rf1+ Ke8 25. Qf2 Nf5 26. Bxf5 exf5 27. g4 Qe7 28. Qg2 fxg4 29. Qxd5 Rd8 30. Qg8+ 1-0

[Event "Foment Martinenc op-C 18th"]
[Site "Barcelona"]
[Date "2016.05.14"]
[Round "4"]
[White "Vazquez Cortes, Carlos"]
[Black "Mas Mestres, Jordi"]
[Result "1-0"]
[WhiteElo "1769"]
[BlackElo "1845"]
[PlyCount "91"]
[EventDate "2016.04.23"]
[EventType "swiss"]
[EventRounds "9"]
[EventCountry "ESP"]
[SourceTitle "EXT 2017"]
[Source "ChessBase"]
[SourceDate "2016.10.25"]
[SourceVersion "1"]
[SourceVersionDate "2016.10.25"]
[SourceQuality "1"]

1. c4 e5 2. Nc3 Nf6 3. e3 d5 4. d4 exd4 5. exd4 dxc4 6. Bxc4 Be7 7. Nf3 Bg4 8. Bxf7+ Kxf7 9. Ne5+ Kf8 10. Nxg4 Nc6 11. Be3 Qd7 12. Ne5 Nxe5 13. dxe5 Qxd1+ 14. Rxd1 Ng4 15. Bf4 g5 16. Bg3 h5 17. f3 Ne3 18. Rd2 h4 19. Bf2 Nxg2+ 20. Kd1 Bb4 21. Kc2 Bxc3 22. Kxc3 Rh6 23. Bc5+ Ke8 24. Rxg2 Rc6 25. b4 b6 26. Rxg5 Kf7 27. Rhg1 bxc5 28. Rg7+ Ke6 29. R1g6+ Kd5 30. Rd7+ Rd6 31. exd6 cxb4+ 32. Kb3 cxd6 33. Rdxd6+ Ke5 34. Rc6 Kf4 35. Rcf6+ Ke3 36. f4 a5 37. Ra6 Rc8 38. Rgc6 Rf8 39. Rxa5 Kxf4 40. Kxb4 Kg4 41. Rg6+ Kh3 42. Rh5 Rf4+ 43. Kb5 Rf5+ 44. Rxf5 Kxh2 45. Rh5 h3 46. Rxh3+ 1-0